000 00722nam a2200265Ia 4500
003 OSt
005 20221007111905.0
006 a|||||r|||| 00| 0
007 ta
008 221006b |||||||| |||| 00| 0 eng d
020 _a1859413706
024 _a24,505
037 _cTextual
040 _aLCO
_cLCO
_beng
041 _2eng
_aeng
082 _aZ2,9298, N7
100 _aStott David
245 0 _aPrinciples of Administrative Law
260 _aLondon
_bCavendish Publishing Limited U.K.
_c1997
300 _a380
650 _aADMINISTRATIVE LAW
_9681514
700 _a Felix Alexandra
_9708590
942 _hZ2,9298, N7
_cTEXL
999 _c1194068
_d1194068